000 00997nam1a22002171i 4500
001 rc\4528220
005 20240724175734.0
035 _a(NLR Aleph) 008355118
090 _a8962427
_c8962427
100 _a20130416d1968 |||y0rusy50 ca
101 0 _arus
102 _aRU
105 _a b |||||
200 1 _aКаталог быков-производителей симментальской и сычевской пород
_eВып. 1-
_fМ-во с. х. Морд. АССР. Респ. станция по плем. работе и искусств. осеменению с.-х. животных. Морд. респ. племживобъединение
210 _aСаранск
_cМордов. кн. изд-во
_d1968
215 _d20
712 0 2 _aМордовская респ. станция по плем. работе и искусств. осеменению с.-х. животных
801 0 _aRU
_bNLR
_gpsbo
801 1 _aRU
_bELAR
_2rusmarc
852 _aNLR
_j68-4/20503
942 _cBOOK